The Ottoman Empire and the world-economy
Αποθηκεύτηκε σε:
| Άλλοι συγγραφείς: | |
|---|---|
| Μορφή: | Βιβλίο |
| Γλώσσα: | English |
| Δημοσίευση: |
Cambridge :
Cambridge University Press,
1987
|
| Σειρά: | Studies in modern capitalism
|
| Θέματα: | |
| Ετικέτες: |
Προσθήκη ετικέτας
Δεν υπάρχουν, Καταχωρήστε ετικέτα πρώτοι!
|
MARC
| LEADER | 00000cam a2200000 i 4500 | ||
|---|---|---|---|
| 001 | 1/5391 | ||
| 008 | 960530s1987 eng d | ||
| 020 | |a 0-521-32423-8 | ||
| 035 | |l 10015987 | ||
| 040 | |a GR-MY-UA |b gre |e aacr | ||
| 041 | 0 | |a eng | |
| 082 | 0 | |a 330.956101 | |
| 245 | 1 | 4 | |a The Ottoman Empire and the world-economy / |c Edited by Huri Islamoglu-Inan |
| 260 | |a Cambridge : |b Cambridge University Press, |c 1987 | ||
| 300 | |a 481 p. | ||
| 490 | 1 | |a Studies in modern capitalism = Etudes sur le capitalisme moderne | |
| 504 | |a Includes index | ||
| 650 | 0 | 0 | |a Agriculture |x Economic aspects |z Turkey |x History. |
| 650 | 0 | 0 | |a Labor supply |z Turkey |x History. |
| 651 | 0 | |a Turkey |x Economic conditions. | |
| 651 | 0 | |a Turkey |x Foreign economic relations. | |
| 651 | 0 | |a Turkey |x Industries |x History. | |
| 651 | 0 | |a Turkey |x History |y Ottoman Empire, 1288-1918. | |
| 700 | 1 | |a Islamoglu-Inan, Huri |d 1947- |e edt | |
| 830 | 0 | |a Studies in modern capitalism | |
| 852 | |a INST |b LESVOS |e 19960530 |h 330.956101 OTT |p 005100004427 |q 005100004427 |t BK |y 0 | ||
| 909 | |a Λ |b 017680 | ||